<?xml version="1.0" encoding="UTF-8"?><marc:collection xmlns:marc="http://www.loc.gov/MARC21/slim">
  <marc:record>
    <marc:leader>00000nam  2200000za 4500</marc:leader>
    <marc:controlfield tag="001">9.823228</marc:controlfield>
    <marc:controlfield tag="003">CaOODSP</marc:controlfield>
    <marc:controlfield tag="005">20221107143843</marc:controlfield>
    <marc:controlfield tag="007">cr |||||||||||</marc:controlfield>
    <marc:controlfield tag="008">160824s2016    oncbd  #o    f000 0 eng d</marc:controlfield>
    <marc:datafield tag="020" ind1=" " ind2=" ">
      <marc:subfield code="a">978-0-660-06129-0</marc:subfield>
    </marc:datafield>
    <marc:datafield tag="040" ind1=" " ind2=" ">
      <marc:subfield code="a">CaOODSP</marc:subfield>
      <marc:subfield code="b">eng</marc:subfield>
    </marc:datafield>
    <marc:datafield tag="043" ind1=" " ind2=" ">
      <marc:subfield code="a">n-cn---</marc:subfield>
    </marc:datafield>
    <marc:datafield tag="086" ind1="1" ind2=" ">
      <marc:subfield code="a">FA1-2/2016-2-2E-PDF</marc:subfield>
    </marc:datafield>
    <marc:datafield tag="110" ind1="1" ind2=" ">
      <marc:subfield code="a">Canada. </marc:subfield>
      <marc:subfield code="b">Office of the Auditor General.</marc:subfield>
    </marc:datafield>
    <marc:datafield tag="245" ind1="1" ind2="0">
      <marc:subfield code="a">Sustaining Canada's major fish stocks </marc:subfield>
      <marc:subfield code="h">[electronic resource] : </marc:subfield>
      <marc:subfield code="b">Fisheries and Oceans Canada.</marc:subfield>
    </marc:datafield>
    <marc:datafield tag="246" ind1="1" ind2="7">
      <marc:subfield code="a">Reports of the Commissioner of the Environment and Sustainable Development - Fall   2016 : </marc:subfield>
      <marc:subfield code="b">report 2</marc:subfield>
    </marc:datafield>
    <marc:datafield tag="260" ind1=" " ind2=" ">
      <marc:subfield code="a">[Ottawa] : </marc:subfield>
      <marc:subfield code="b">Office of the Auditor General of Canada, </marc:subfield>
      <marc:subfield code="c">c2016.</marc:subfield>
    </marc:datafield>
    <marc:datafield tag="300" ind1=" " ind2=" ">
      <marc:subfield code="a">iii, 31, [1] p. : </marc:subfield>
      <marc:subfield code="b">map, charts</marc:subfield>
    </marc:datafield>
    <marc:datafield tag="490" ind1="1" ind2=" ">
      <marc:subfield code="a">Reports of the Commissioner of the Environment and Sustainable Development, </marc:subfield>
      <marc:subfield code="x">1495-0782 ; </marc:subfield>
      <marc:subfield code="v">Fall 2016, report 2</marc:subfield>
    </marc:datafield>
    <marc:datafield tag="500" ind1=" " ind2=" ">
      <marc:subfield code="a">Issued also in French under title: Assurer la durabilité des principaux stocks de poissons du Canada : Pêches et Océans Canada.</marc:subfield>
    </marc:datafield>
    <marc:datafield tag="500" ind1=" " ind2=" ">
      <marc:subfield code="a">Includes an erratum.</marc:subfield>
    </marc:datafield>
    <marc:datafield tag="520" ind1=" " ind2=" ">
      <marc:subfield code="a">"This audit focused on whether Fisheries and Oceans Canada had identified and put in place selected key elements needed to manage Canada’s fisheries for conservation and sustainability, such as management planning and the collection and analysis of information about the state of fish stocks and how many fish are caught. To determine this, we looked at the 154 major fish stocks that the Department is responsible for managing."--p. 3.</marc:subfield>
    </marc:datafield>
    <marc:datafield tag="530" ind1=" " ind2=" ">
      <marc:subfield code="a">Issued also in printed form.</marc:subfield>
    </marc:datafield>
    <marc:datafield tag="692" ind1="0" ind2="7">
      <marc:subfield code="2">gccst</marc:subfield>
      <marc:subfield code="a">Fish</marc:subfield>
    </marc:datafield>
    <marc:datafield tag="692" ind1="0" ind2="7">
      <marc:subfield code="2">gccst</marc:subfield>
      <marc:subfield code="a">Sustainable development</marc:subfield>
    </marc:datafield>
    <marc:datafield tag="710" ind1="1" ind2=" ">
      <marc:subfield code="a">Canada. </marc:subfield>
      <marc:subfield code="b">Commissioner of the Environment and Sustainable Development.</marc:subfield>
    </marc:datafield>
    <marc:datafield tag="775" ind1="0" ind2="8">
      <marc:subfield code="t">Assurer la durabilité des principaux stocks de poissons du Canada </marc:subfield>
      <marc:subfield code="w">(CaOODSP)9.823277</marc:subfield>
    </marc:datafield>
    <marc:datafield tag="776" ind1="0" ind2="#">
      <marc:subfield code="t">Sustaining Canada's major fish stocks : </marc:subfield>
      <marc:subfield code="w">(CaOODSP)9.823266</marc:subfield>
    </marc:datafield>
    <marc:datafield tag="830" ind1="#" ind2="0">
      <marc:subfield code="a">Reports of the Commissioner of the Environment and Sustainable Development,</marc:subfield>
      <marc:subfield code="x">1495-0782 ; </marc:subfield>
      <marc:subfield code="v">Fall 2016, report 2.</marc:subfield>
      <marc:subfield code="w">(CaOODSP)9.810424</marc:subfield>
    </marc:datafield>
    <marc:datafield tag="856" ind1="4" ind2="0">
      <marc:subfield code="q">PDF</marc:subfield>
      <marc:subfield code="s">1.30 MB</marc:subfield>
      <marc:subfield code="u">https://publications.gc.ca/collections/collection_2016/bvg-oag/FA1-2-2016-2-2-eng.pdf</marc:subfield>
      <marc:subfield code="z">Report</marc:subfield>
    </marc:datafield>
    <marc:datafield tag="856" ind1="4" ind2="0">
      <marc:subfield code="q">PDF</marc:subfield>
      <marc:subfield code="s">130 KB</marc:subfield>
      <marc:subfield code="u">https://publications.gc.ca/collections/collection_2016/bvg-oag/FA1-2-2016-2-2-1-eng.pdf</marc:subfield>
      <marc:subfield code="z">Erratum</marc:subfield>
    </marc:datafield>
  </marc:record>
</marc:collection>
